Central Library OPAC University of Rajshahi

Population census of Pakistan, 1961 : (Record no. 65973)

MARC details
000 -LEADER
fixed length control field 01274nam a2200301 a 4500
001 - CONTROL NUMBER
control field 65973
003 - CONTROL NUMBER IDENTIFIER
rucl marc code BD-RjUL
005 - DATE AND TIME OF LATEST TRANSACTION
control field 20211209081504.0
008 - FIXED-LENGTH DATA ELEMENTS--GENERAL INFORMATION
fixed length control field 170313s1962 p s o00| 0 eng
020 ## - INTERNATIONAL STANDARD BOOK NUMBER
Terms of availability : PRs. 4.00
035 ## - SYSTEM CONTROL NUMBER
System control number (BD-RjUL)66103
040 ## - CATALOGING SOURCE
Original cataloging agency DLC
Transcribing agency DLC
Modifying agency DLC
-- BD-RjUL
Language of cataloging eng
041 ## - LANGUAGE CODE
Language code of text/sound track or separate title eng
082 ## - DEWEY DECIMAL CLASSIFICATION NUMBER
Classification number 304.609549021
Edition number 23
Author mark and year PAP 1962 (CBN4)
110 1# - MAIN ENTRY--CORPORATE NAME
Corporate name or jurisdiction name as entry element Pakistan.
Subordinate unit Office of the Census Commissioner. Ministry of Home and Kashmir Affairs. Home Affairs Division.
9 (RLIN) 195145
245 10 - TITLE STATEMENT
Title Population census of Pakistan, 1961 :
Remainder of title Literacy and education : Census Bulletin No.4
Statement of responsibility, etc. Pakistan. Office of the Census Commissioner. Ministry of Home and Kashmir Affairs. Home Affairs Division. ; A. Rashid, [comp.]
246 ## - VARYING FORM OF TITLE
Title proper/short title Literacy and education :
Remainder of title Census Bulletin No.4
260 ## - PUBLICATION, DISTRIBUTION, ETC. (IMPRINT)
Place of publication, distribution, etc. Karachi :
Name of publisher, distributor, etc. Manager of publications,
Date of publication, distribution, etc. 1962
300 ## - PHYSICAL DESCRIPTION
Pagination xxiii, 331 p. :
Illustrations Ill. ;
Size 25 cm.
490 ## - SERIES STATEMENT
Series statement census, 61 ;
Volume/sequential designation No. 90
650 ## - SUBJECT ADDED ENTRY--TOPICAL TERM
Topical term or geographic name as entry element Education
Geographic subdivision Pakistan
Form subdivision Statistics
Chronological subdivision 1961
9 (RLIN) 195146
651 ## - SUBJECT ADDED ENTRY--GEOGRAPHIC NAME
Geographic name Pakistan
Form subdivision Census, 1961.
9 (RLIN) 194424
Geographic name Pakistan
General subdivision Population
Form subdivision Statistics.
Chronological subdivision 1961
9 (RLIN) 194425
700 ## - ADDED ENTRY--PERSONAL NAME
Personal name Rashid, A. , [comp.]
710 ## - ADDED ENTRY--CORPORATE NAME
Corporate name or jurisdiction name as entry element Census organization (Pakistan)
9 (RLIN) 186435
830 ## - SERIES ADDED ENTRY--UNIFORM TITLE
Uniform title census, 61 ;
Volume number/sequential designation No. 90
942 ## - ADDED ENTRY ELEMENTS (KOHA)
Source of classification or shelving scheme Dewey Decimal Classification
Koha item type Rare Books
Holdings
Lost status Source of classification or shelving scheme Damaged status Not for loan Collection code Permanent Location Current Location Shelving location Date acquired Source of acquisition Total Checkouts Full call number Date last seen Copy number Koha item type
  Dewey Decimal Classification   Not For Loan Rare Books Central Library, University of Rajshahi Central Library, University of Rajshahi Rare Book Section 29/11/1962 Census Commissioner, Karachi   RA 304.609549021 PAP 1962(CBN4) 13/03/2017 C-1 Rare Books